000 01194nam a2200217Ia 4500
003 Ost
005 20260416102355.0
008 260416s9999||||xx |||||||||||||| ||und||
040 _cfsecg
041 _aara
082 _a510
100 _aداود، مليكة
_eمؤلف
245 0 _aدروس مبسطة وتمارين محلولة في مقياس الرياضيات 1 /
_c مليكة داود
260 _aالجزائر
_bجامعة الجزائر3: كلية العلوم الإقتصادية، العلوم التجارية وعلوم التسيير
_c2020
300 _a72 ورقة
_bايضاحات
_c30 سم
504 _aمراجع ص.72
520 _aالمجموعات و التطبيقات ، المتتاليات العددية و التراجعية ، التوابع الحقيقية لمتغير حقيقي ، التوابع ذات عدة متغيرات ، التكامل مع وجود تمارين في نهاية كل فصل و حلول التمارين.
653 _aالرياضيات
710 _aجامعة الجزائر3: كلية العلوم الإقتصادية، العلوم التجارية وعلوم التسيير
_eناشر علمي
942 _cHANDOUT
999 _c41164
_d41164